Najpopularniejsze gry z poszczególnych lat - Statystyki

Ogólne statystyki
  • Ten quiz został rozwiązany 2 517 razy
  • Średni wynik to 7 z 21
Statystyki odpowiedzi
Rok Gra % Poprawnych
2017 PUBG, Fortnite, Destiny 2
72%
2013 GTA V, Battlefield 4, BioShock Infinity
69%
2008 Fallout 3, GTA IV, FarCry 2
49%
2007 Wiedźmin, BioShock, Team Fortress 2
47%
2004 GTA San Andreas, DOOM 3, Half-Life 2
46%
2001 Gothic, GTA 3, Max Payne
41%
2015 Wiedźmin 3, Fallout 4, Dying Light
41%
2009 League of Legends, Borderlands, Assassin's Creed II
39%
2020 Cyber Punk 2077, Dying Light 2, Doom Eternal
36%
2011 Portal 2, Wiedźmin 2, The Elder Scrolls V: Skyrim
34%
2002 GTA Vice City, Gothic II, Heroes of Might and Magic IV
32%
2018 Red Dead Redemption 2, God of War, Spider-Man
30%
2012 Diablo III, FarCry 3, Euro Truck Simulator 2
28%
2016 Overwatch, Uncharted 4, Battlefield 1
28%
2000 Diablo II, The Sims, Blair Witch Volume I-III
24%
2014 Watch Dogs, FarCry 4, Hearthstone
24%
2005 Call of Duty 2, Need for Speed: Most Wanted, Battlefield 2
21%
2010 Left4Dead II, World of Tanks, Fallout New Vegas
14%
2006 Gothic 3, Just Cause, Sonic the Hedgehog
12%
2019 Star Wars Jedi: Fallen Order, Resident Evil 2, Metro Exodus
5%
2003 Prince of Persia, Dragon Ball Z, Sąsiedzi z Piekła Rodem
3%
Nie znaleziono quizów pasujących do podanych kryteriów
Rozkład punktacji
Procent ludzi z każdym wynikiem
Percentyl według liczby udzielonych odpowiedzi
Twoja historia wyników
Nie rozwiązałeś tego quizu